ELECTRICAL ENGINEERING S SC-JEn 2016:objective questions (previous years solved papers) (Record no. 5469)

MARC details
000 -LEADER
fixed length control field 00332nam a22001217a 4500
005 - DATE AND TIME OF LATEST TRANSACTION
control field 20170620150102.0
008 - FIXED-LENGTH DATA ELEMENTS--GENERAL INFORMATION
fixed length control field 170620b xxu||||| |||| 00| 0 eng d
041 ## - LANGUAGE CODE
Language code of text/sound track or separate title eng
245 ## - TITLE STATEMENT
Title ELECTRICAL ENGINEERING S SC-JEn 2016:objective questions (previous years solved papers)
260 ## - PUBLICATION, DISTRIBUTION, ETC. (IMPRINT)
Name of publisher ENGINEERS ACADEMY
300 ## - PHYSICAL DESCRIPTION
Number of Pages 326
942 ## - ADDED ENTRY ELEMENTS (KOHA)
Koha item type Books
Holdings
Lost status Damaged status Home library Current library Shelving location Date acquired Source of acquisition Accession Number Koha item type
    JRU Library   SHELF-6-B 20/06/2017 DONATION 21811 Books